[Event "HB Global CC"]
[Site "Minneapolis USA"]
[Date "2005.05.18"]
[Round "1"]
[White "Carreto Nieto,G"]
[Black "Andrews,T"]
[Result "0-1"]
[WhiteElo "2164"]
[BlackElo "2294"]
[EventDate "2005.05.18"]

1. e4 e6 2. d4 d5 3. Nc3 Bb4 4. e5 Qd7 5. a3 Bf8 6. Be3 b6 7. Qf3 Ba6 8.
Bxa6 Nxa6 9. Nge2 Ne7 10. b4 c6 11. O-O Ng6 12. Nd1 Be7 13. Bd2 O-O 14. Qd3
Nc7 15. Ne3 c5 16. c3 f5 17. f4 a5 18. bxc5 bxc5 19. g4 c4 20. Qc2 fxg4 21.
Nxg4 a4 22. Ng3 Nb5 23. f5 exf5 24. Nxf5 Nxa3 25. Nxe7+ Nxe7 26. Rxf8+ Rxf8
27. Qd1 Nb5 28. Rxa4 Ng6 29. Ra5 Nh4 30. h3 h5 31. Nf2 Qf5 32. Qe2 Qg6+ 33.
Kf1 Nf3 0-1

[Event "HB Global CC"]
[Site "Minneapolis USA"]
[Date "2005.05.18"]
[Round "1"]
[White "Ginsburg,M"]
[Black "Beltran,J"]
[Result "1-0"]
[WhiteElo "2354"]
[BlackElo "2171"]
[EventDate "2005.05.18"]

1. c4 f5 2. d4 Nf6 3. g3 d6 4. Bg2 g6 5. Nf3 Bg7 6. O-O O-O 7. Nc3 c6 8.
Qb3 Kh8 9. d5 Na6 10. dxc6 bxc6 11. Nd4 Rb8 12. Qa3 Nb4 13. Nxc6 Nxc6 14.
Bxc6 Qb6 15. Bg2 Be6 16. b3 Ng4 17. Bb2 f4 18. Ne4 Ne5 19. Rad1 fxg3 20.
hxg3 a5 21. Nxd6 Bg4 22. c5 Qa6 23. Bxe5 Bxe5 24. Nc4 1-0

[Event "HB Global CC"]
[Site "Minneapolis USA"]
[Date "2005.05.18"]
[Round "1"]
[White "Lamastus Candal,J"]
[Black "Moncayo Romero,E"]
[Result "1-0"]
[WhiteElo "2105"]
[BlackElo "2267"]
[EventDate "2005.05.18"]

1. e4 c5 2. Nf3 d6 3. d4 cxd4 4. Nxd4 Nf6 5. Nc3 a6 6. Bg5 e6 7. f4 Nbd7 8.
Qf3 Qc7 9. O-O-O b5 10. e5 Bb7 11. Qh3 dxe5 12. Nxe6 fxe6 13. Qxe6+ Be7 14.
Bxf6 Nxf6 15. Bxb5+ Kf8 16. fxe5 Qc8 17. Bd7 Qc5 18. exf6 Bxf6 19. Nd5 Bxd5
20. Rxd5 Qf2 21. Rf5 Qh4 22. Rhf1 1-0

[Event "HB Global CC"]
[Site "Minneapolis USA"]
[Date "2005.05.18"]
[Round "1"]
[White "Plunkett,R"]
[Black "Moe,W"]
[Result "0-1"]
[WhiteElo "2064"]
[BlackElo "2373"]
[EventDate "2005.05.18"]

1. e4 c6 2. d4 d5 3. Nc3 dxe4 4. Nxe4 Nd7 5. Ng5 e6 6. Bd3 Be7 7. N1f3 Ngf6
8. Ne5 Nxe5 9. dxe5 Qa5+ 10. c3 Qxe5+ 11. Be2 O-O 12. O-O h6 13. Nf3 Qc7
14. Qa4 e5 15. Re1 e4 16. Nd4 a6 17. Bf1 Bd6 18. g3 Bd7 19. Qc2 c5 20. Ne2
Bc6 21. Bg2 Rfe8 22. Bf4 Bxf4 23. Nxf4 g5 24. Ne2 e3 25. Qf5 Bxg2 26. f4
Be4 27. Qh3 Kg7 28. fxg5 hxg5 29. Rf1 Rh8 30. Rxf6 Rxh3 0-1

[Event "HB Global CC"]
[Site "Minneapolis USA"]
[Date "2005.05.18"]
[Round "1"]
[White "Hernandez,Alb"]
[Black "Williams,C USA"]
[Result "1-0"]
[WhiteElo "2323"]
[BlackElo "2072"]
[EventDate "2005.05.18"]

1. d4 d5 2. Nc3 Nf6 3. Bg5 Nbd7 4. Qd2 e6 5. e3 a6 6. Bd3 c5 7. Nf3 h6 8.
Bh4 Be7 9. O-O O-O 10. Rfe1 b5 11. a3 Bb7 12. Ne5 Nxe5 13. dxe5 Nd7 14.
Bxe7 Qxe7 15. f4 f6 16. exf6 Qxf6 17. Rf1 e5 18. Be4 dxe4 19. Qxd7 Bc6 20.
Qc7 Rac8 21. Qb6 Ba8 22. Qxf6 Rxf6 23. fxe5 Rxf1+ 24. Rxf1 Rd8 25. e6 b4
26. Na4 bxa3 27. bxa3 c4 28. Nc5 a5 29. Rf7 Rc8 30. Ra7 Bd5 31. Rxa5 Rc7
32. Kf2 Kf8 33. Nd7+ 1-0

[Event "HB Global CC"]
[Site "Minneapolis USA"]
[Date "2005.05.18"]
[Round "1"]
[White "Kaufman,La"]
[Black "Brock,W"]
[Result "1-0"]
[WhiteElo "2367"]
[BlackElo "1965"]
[EventDate "2005.05.18"]

1. e4 e5 2. Nf3 Nc6 3. Bb5 Nf6 4. O-O Nxe4 5. Qe2 Nd6 6. Bxc6 dxc6 7. Qxe5+
Be6 8. Nd4 Qf6 9. Re1 Qxe5 10. Rxe5 Kd7 11. Nxe6 fxe6 12. d3 Nf5 13. Nd2
Bd6 14. Re4 Rae8 15. Nf3 e5 16. c3 Rhf8 17. Bd2 Nh6 18. Bxh6 gxh6 19. Rae1
Rxf3 20. gxf3 Rf8 21. Kg2 c5 22. Rg4 Rf7 23. Ree4 b5 24. Rh4 Rf4 25. Rh5
1-0

[Event "HB Global CC"]
[Site "Minneapolis USA"]
[Date "2005.05.18"]
[Round "1"]
[White "Aldrich,D"]
[Black "Salimbagat,R"]
[Result "0-1"]
[WhiteElo "2170"]
[BlackElo "2379"]
[EventDate "2005.05.18"]

1. e4 e5 2. Nf3 Nc6 3. Bb5 a6 4. Ba4 f5 5. d3 Nf6 6. O-O d6 7. Nc3 Be7 8.
Re1 O-O 9. d4 fxe4 10. Nxe4 Nxe4 11. Bxc6 bxc6 12. Rxe4 Bf5 13. Re1 e4 14.
Nd2 d5 15. f3 Bd6 16. fxe4 Bxh2+ 17. Kxh2 Qh4+ 18. Kg1 Bg4 19. Nf3 Bxf3 20.
Qd2 Bxg2 21. Kxg2 Qg4+ 22. Kh1 Rf3 23. Re3 Raf8 0-1

[Event "HB Global CC"]
[Site "Minneapolis USA"]
[Date "2005.05.19"]
[Round "2"]
[White "Kamsky,G"]
[Black "Pruess,D"]
[Result "1-0"]
[WhiteElo "2700"]
[BlackElo "2394"]
[EventDate "2005.05.18"]

1. e4 e6 2. d4 d5 3. Nc3 Nf6 4. e5 Nfd7 5. f4 c5 6. Nf3 Nc6 7. Be3 a6 8.
Qd2 b5 9. Bd3 b4 10. Nd1 Qb6 11. O-O Nxd4 12. Nxd4 cxd4 13. Bf2 a5 14. Bh4
g6 15. Nf2 Bg7 16. Ng4 Ba6 17. Rae1 Bxd3 18. cxd3 h5 19. Nf2 Rc8 20. Kh1
Rc6 21. Qd1 O-O 22. g4 hxg4 23. Nxg4 Rfc8 24. Qf3 Rc2 25. Qh3 Rxb2 26. Bf6
Rcc2 27. f5 exf5 28. Bxg7 Kxg7 29. Qh6+ Kg8 30. e6 fxe6 31. Qxg6+ 1-0

[Event "HB Global CC"]
[Site "Minneapolis USA"]
[Date "2005.05.19"]
[Round "2"]
[White "Milovanovic,R"]
[Black "Sadvakasov,D"]
[Result "0-1"]
[WhiteElo "2399"]
[BlackElo "2605"]
[EventDate "2005.05.18"]

1. e4 c5 2. Nf3 d6 3. d4 cxd4 4. Nxd4 Nf6 5. Nc3 a6 6. h3 e5 7. Nde2 b5 8.
Bg5 Nbd7 9. Nd5 Bb7 10. Nec3 Be7 11. Bxf6 Nxf6 12. Nxf6+ Bxf6 13. a4 b4 14.
Nd5 Rc8 15. Nxb4 O-O 16. Bd3 Qb6 17. Qd2 a5 18. Na2 Qxb2 19. O-O Qd4 20.
Qxa5 Bxe4 21. Bxe4 Qxe4 22. Nc3 Qxc2 23. Nd5 Qc5 24. Nxf6+ gxf6 25. Qd2 d5
26. Qh6 Qd6 27. Rfd1 d4 28. Rd3 Rc3 29. Rad1 Rfc8 30. a5 Qa6 31. R3d2 Qe6
32. f4 Ra3 33. Rf2 Rxa5 34. Rf3 Kh8 35. f5 Qd6 36. Rg3 Rg8 37. Rxg8+ Kxg8
0-1

[Event "HB Global CC"]
[Site "Minneapolis USA"]
[Date "2005.05.19"]
[Round "2"]
[White "Fridman,D2"]
[Black "Fedorowicz,J"]
[Result "1-0"]
[WhiteElo "2562"]
[BlackElo "2513"]
[EventDate "2005.05.18"]

1. d4 Nf6 2. Nf3 g6 3. g3 Bg7 4. Bg2 O-O 5. O-O d5 6. Nbd2 c6 7. c4 Bf5 8.
b3 Ne4 9. Bb2 Nxd2 10. Qxd2 Be4 11. e3 a5 12. Qe2 a4 13. Bh3 Bxf3 14. Qxf3
e6 15. Qd1 Nd7 16. Bc3 axb3 17. Qxb3 Ra7 18. a4 Qb6 19. Qa2 Rfa8 20. a5 Qc7
21. Rfc1 b6 22. cxd5 exd5 23. Bd2 bxa5 24. Qa4 Ra6 25. Bf1 Rb6 26. Bxa5 Qb7
27. Qc2 Rb2 28. Qxc6 Qxc6 29. Rxc6 Nf6 30. Bb4 Rxa1 31. Rc8+ Bf8 32. Bxf8
1-0

[Event "HB Global CC"]
[Site "Minneapolis USA"]
[Date "2005.05.19"]
[Round "2"]
[White "Wendt,J"]
[Black "Van Wely,L"]
[Result "0-1"]
[WhiteElo "2289"]
[BlackElo "2687"]
[EventDate "2005.05.18"]

1. Nf3 Nf6 2. c4 e6 3. Nc3 d5 4. d4 c6 5. Bg5 h6 6. Bh4 dxc4 7. e4 g5 8.
Bg3 b5 9. Be2 Bb7 10. h4 g4 11. Ne5 h5 12. O-O Nbd7 13. Qc2 Nxe5 14. Bxe5
Bg7 15. Bg3 Qxd4 16. Rad1 Qc5 17. e5 Nd5 18. Ne4 Qb6 19. Nd6+ Kf8 20. Kh1
Kg8 21. Qe4 Rf8 22. f3 Ba8 23. fxg4 Qe3 24. Rf3 Qxe4 25. Nxe4 hxg4 26. Ra3
b4 27. Rxa7 Ne3 28. Rdd7 c5 29. Nf6+ Bxf6 30. exf6 c3 31. bxc3 bxc3 32. Bd3
c4 33. Bg6 c2 34. Bxc2 Nxc2 35. Bd6 Bc6 36. Rdc7 Rd8 37. Rxc6 Nd4 38. Rc5
Nf5 39. Be5 Rd1+ 0-1

[Event "HB Global CC"]
[Site "Minneapolis USA"]
[Date "2005.05.19"]
[Round "2"]
[White "Corbin,P"]
[Black "Kudrin,S"]
[Result "0-1"]
[WhiteElo "2261"]
[BlackElo "2554"]
[EventDate "2005.05.18"]

1. e4 c5 2. d4 cxd4 3. c3 d3 4. c4 d6 5. Bxd3 Nf6 6. Nc3 g6 7. b3 Bg7 8.
Bb2 O-O 9. Nge2 Nbd7 10. Bc2 b6 11. O-O Bb7 12. f3 a6 13. a4 Qc7 14. Qd2
Rac8 15. Rfd1 Rfe8 16. Kh1 Qc5 17. Ba3 Qh5 18. Nf4 Qh6 19. Ra2 Ng4 20. fxg4
Bxc3 21. Qxc3 Qxf4 22. Qf3 Qxf3 23. gxf3 Ne5 24. Kg2 b5 25. axb5 axb5 26.
Bb2 bxc4 27. Bxe5 dxe5 28. Ra7 Ba8 29. bxc4 Rxc4 30. Ba4 Bc6 31. Bxc6 Rxc6
32. Rdd7 Kf8 33. g5 Re6 34. Kg3 Kg7 35. h4 h6 36. Kg4 f6 37. Rab7 Kf7 38.
Ra7 Rh8 39. gxf6 Kxf6 40. Rab7 Rg8 41. Rd5 h5+ 42. Kg3 g5 43. hxg5+ Rxg5+
44. Kh4 Rg1 45. Rb8 Kf7 46. Rd2 Rh1+ 47. Kg3 Rg6+ 48. Kf2 Rh2+ 49. Ke3 Rxd2
50. Kxd2 Rh6 51. Ke3 h4 52. Rb2 Kf6 53. f4 h3 54. Rh2 Rh4 55. fxe5+ Kxe5
56. Kf3 Kd4 57. Rd2+ Kc3 58. Rh2 e5 59. Ke3 Rh8 60. Rh1 h2 0-1

[Event "HB Global CC"]
[Site "Minneapolis USA"]
[Date "2005.05.19"]
[Round "2"]
[White "Ivanov,AV USA"]
[Black "Altanoch,G"]
[Result "1/2-1/2"]
[WhiteElo "2563"]
[BlackElo "2272"]
[EventDate "2005.05.18"]

1. e4 c6 2. d4 d5 3. e5 Bf5 4. h4 h5 5. c4 e6 6. Nc3 a6 7. Bg5 Be7 8. Qd2
Nd7 9. Nf3 Nh6 10. Bd3 Bxd3 11. Qxd3 g6 12. cxd5 cxd5 13. Bxh6 Rxh6 14. Rc1
Kf8 15. g3 Kg7 16. Rc2 Rh8 17. O-O Nb6 18. Nd1 Rc8 19. Ne3 Rxc2 20. Qxc2
Qc8 21. Qb1 Qd7 22. Rc1 Rc8 23. g4 hxg4 24. Rxc8 Qxc8 25. Nxg4 Qh8 26. Qc1
Qh5 27. Qf4 Qf5 28. Qxf5 gxf5 29. Ne3 Kg6 30. Kg2 Na4 31. Nd1 Nb6 32. b3
Nd7 33. Nc3 Nb8 34. Na4 Nc6 35. Nb6 Ba3 36. Nc8 b5 37. Nd6 Bb2 38. h5+ Kxh5
39. Nxf7 Bxd4 40. N3g5 Bxe5 41. Nxe6 Bb2 42. Nf4+ Kg4 43. Nxd5 f4 44. f3+
Kf5 45. Nc7 Nb4 46. a4 bxa4 47. bxa4 Be5 48. Nxe5 Kxe5 49. Kh3 Kf5 50. a5
Nc6 51. Nxa6 1/2-1/2

[Event "HB Global CC"]
[Site "Minneapolis USA"]
[Date "2005.05.19"]
[Round "2"]
[White "Kacheishvili,G"]
[Black "Kaufman,La"]
[Result "1-0"]
[WhiteElo "2597"]
[BlackElo "2367"]
[EventDate "2005.05.18"]

1. d4 d5 2. c4 c6 3. Nf3 Nf6 4. Nc3 dxc4 5. a4 Bf5 6. Ne5 Nbd7 7. Nxc4 Nb6
8. Ne5 a5 9. Bg5 h6 10. Bh4 Nbd5 11. e3 e6 12. Bc4 Be7 13. O-O O-O 14. Qf3
Bh7 15. Rfe1 Nd7 16. Nxd7 Qxd7 17. Bg3 Bd6 18. Red1 Bxg3 19. hxg3 Qe7 20.
e4 Nb6 21. Bb3 Rad8 22. Qe3 Nd7 23. Rd2 Qb4 24. Na2 Qb6 25. f3 Rfe8 26.
Rad1 Bg6 27. Nc1 Nf8 28. Bc4 Re7 29. Nb3 e5 30. Kf2 exd4 31. Rxd4 Rxd4 32.
Qxd4 Qxd4+ 33. Rxd4 b5 34. axb5 cxb5 35. Bxb5 Rb7 36. Rd5 a4 37. Bxa4 f5
38. Rb5 Rxb5 39. Bxb5 fxe4 40. f4 Kf7 41. g4 Ke7 42. Ke3 Nh7 43. Kd4 Nf6
44. Be2 Be8 45. Nc5 Bc6 46. b4 Kd6 47. b5 Bd5 48. g5 hxg5 49. fxg5 Nh7 50.
Bc4 Ba8 51. Nxe4+ Bxe4 52. Kxe4 Nxg5+ 53. Kf5 Nh7 54. Kg6 Nf6 55. Kxg7 Nd7
56. g4 Kc5 57. Be2 Nb6 58. g5 Nd5 59. g6 Nf4 60. Bf1 1-0

[Event "HB Global CC"]
[Site "Minneapolis USA"]
[Date "2005.05.19"]
[Round "2"]
[White "Sevillano,E"]
[Black "Kujovic,M"]
[Result "0-1"]
[WhiteElo "2450"]
[BlackElo "2353"]
[EventDate "2005.05.18"]

1. e4 c6 2. d4 d5 3. Nc3 dxe4 4. Nxe4 Bf5 5. Ng3 Bg6 6. h4 h6 7. Nf3 Nd7 8.
h5 Bh7 9. Bd3 Bxd3 10. Qxd3 Ngf6 11. Bd2 e6 12. Qe2 c5 13. O-O-O Qb6 14.
Be3 cxd4 15. Bxd4 Bc5 16. Ne4 Bxd4 17. Rxd4 O-O 18. g4 Nxe4 19. Rxe4 Nf6
20. Rd4 Rfd8 21. Rxd8+ Rxd8 22. Rg1 Qb4 23. g5 Qf4+ 24. Qe3 Nd5 25. Qxf4
Nxf4 26. Re1 hxg5 27. Nxg5 Nxh5 28. c4 Nf4 29. Kc2 f6 30. Ne4 Kf7 31. Re3
f5 32. Nd2 g5 33. b4 g4 34. c5 Nh3 35. Re2 Rd4 36. b5 Rb4 37. Nb3 Rxb5 38.
Kc3 Nf4 39. Re1 Nd5+ 40. Kd4 Kf6 41. Rh1 Rb4+ 42. Kd3 Rf4 43. Rh6+ Ke5 44.
Rh7 Rxf2 45. Rxb7 Rxa2 46. c6 Ra6 0-1

[Event "HB Global CC"]
[Site "Minneapolis USA"]
[Date "2005.05.19"]
[Round "2"]
[White "Shibut,M"]
[Black "Khachiyan,M"]
[Result "0-1"]
[WhiteElo "2336"]
[BlackElo "2473"]
[EventDate "2005.05.18"]

1. e4 c5 2. c3 d6 3. d4 Nf6 4. f3 e6 5. dxc5 d5 6. e5 Nfd7 7. f4 Bxc5 8.
Nf3 f6 9. Bd3 Nc6 10. Qe2 O-O 11. Be3 Qb6 12. Bxc5 Nxc5 13. Bc2 Qxb2 14.
O-O f5 15. Qf2 b6 16. g4 Qxa1 17. gxf5 exf5 18. Kh1 Qxa2 19. Rg1 Ne6 20.
Nh4 d4 21. Qg2 d3 22. Qxc6 dxc2 0-1

[Event "HB Global CC"]
[Site "Minneapolis USA"]
[Date "2005.05.19"]
[Round "2"]
[White "Rogers,N"]
[Black "Dableo,R"]
[Result "1-0"]
[WhiteElo "2264"]
[BlackElo "2440"]
[EventDate "2005.05.18"]

1. e4 e6 2. d4 d5 3. Nc3 dxe4 4. Nxe4 Bd7 5. Nf3 Bc6 6. Bd3 Nd7 7. O-O Ngf6
8. Neg5 Bd6 9. Qe2 h6 10. Nh3 Bxf3 11. Qxf3 c6 12. Bf4 Qc7 13. Qg3 Bxf4 14.
Qxf4 Qxf4 15. Nxf4 O-O-O 16. Rfd1 c5 17. Ne2 cxd4 18. Nxd4 Nc5 19. Be2 a6
20. a4 Rd7 21. a5 Rhd8 22. Nf3 Rxd1+ 23. Bxd1 Nfe4 24. Kf1 f6 25. Ke1 e5
26. Be2 Kc7 27. Ra3 Ne6 28. g3 N4c5 29. b4 Ne4 30. h4 g5 31. h5 Nd6 32. Nd2
Nd4 33. Rc3+ Kd7 34. Rc5 Nxe2 35. Kxe2 Ke6 36. c4 g4 37. Rc7 Rd7 38. Rxd7
Kxd7 39. c5 Nb5 40. Ne4 Ke6 41. Kd2 f5 42. c6 bxc6 43. Nc5+ Kd5 44. Nxa6
Kc4 45. Nb8 Na7 46. Nd7 Kxb4 47. Nxe5 c5 48. a6 Kb3 49. Kd3 Kb4 50. Kc2 c4
51. Nf7 1-0

[Event "HB Global CC"]
[Site "Minneapolis USA"]
[Date "2005.05.19"]
[Round "2"]
[White "Mac Intyre,P"]
[Black "Howell,D"]
[Result "0-1"]
[WhiteElo "2262"]
[BlackElo "2416"]
[EventDate "2005.05.18"]

1. e4 e5 2. Nf3 Nc6 3. Nc3 Nf6 4. Bb5 Bb4 5. O-O O-O 6. d3 d6 7. Bg5 Bxc3
8. bxc3 Qe7 9. Re1 Nd8 10. d4 Ne6 11. Bc1 c5 12. Bf1 Rd8 13. Qd3 Nf8 14. d5
Ng6 15. g3 Rf8 16. h4 Bd7 17. Bg2 Rae8 18. Bd2 h6 19. Rf1 Qd8 20. Nh2 Qa5
21. Qf3 Nh7 22. h5 Ne7 23. g4 Qa4 24. Rac1 f6 25. Qg3 Ng5 26. Rfe1 Nc8 27.
f4 exf4 28. Qxf4 Re7 29. Nf1 Rfe8 30. Ng3 Re5 31. Kh1 Nb6 32. c4 Nxc4 33.
Bc3 R5e7 34. Nf5 Bxf5 35. Qxf5 Ne5 36. Rf1 Qd7 37. Rf4 Qxf5 38. gxf5 Nc4
39. Rb1 0-1

[Event "HB Global CC"]
[Site "Minneapolis USA"]
[Date "2005.05.19"]
[Round "2"]
[White "Van de Mortel,J"]
[Black "Tapia,D"]
[Result "1/2-1/2"]
[WhiteElo "2410"]
[BlackElo "2329"]
[EventDate "2005.05.18"]

1. d4 e6 2. Nf3 f5 3. g3 Nf6 4. Bg2 Be7 5. O-O O-O 6. c4 d6 7. Nc3 Ne4 8.
Qc2 Nxc3 9. bxc3 Nc6 10. d5 Na5 11. dxe6 Nxc4 12. Nd4 d5 13. Nxf5 Bxe6 14.
Nd4 Bf7 15. e4 c6 16. f4 dxe4 17. Bxe4 h6 18. Kh1 Bc5 19. Nb3 Bb6 20. f5
Re8 21. Bf3 Be3 22. Re1 Qd5 23. Kg2 Qd7 24. Kh1 Bd5 25. Qg2 Qxf5 26. Bxd5+
Qxd5 27. Qxd5+ cxd5 28. Bxe3 Nxe3 29. Nd4 a6 30. a4 Nc4 31. Ne6 Re7 32. Nf4
Ne3 33. Rab1 Rae8 34. Ng6 Rc7 35. Rb3 Re4 36. Nf4 Rd7 37. Nd3 Nc4 38. Rd1
Rf7 39. Nf4 g5 40. Nxd5 Re2 41. Rb4 Ne5 42. Rb6 Rff2 43. Rxh6 Nf3 44. Nf6+
Kg7 45. Ng4 Nd2 46. Nxf2 1/2-1/2

[Event "HB Global CC"]
[Site "Minneapolis USA"]
[Date "2005.05.19"]
[Round "2"]
[White "Kraai,J"]
[Black "Diaz,JL"]
[Result "1-0"]
[WhiteElo "2416"]
[BlackElo "2127"]
[EventDate "2005.05.18"]

1. Nf3 Nf6 2. c4 g6 3. Nc3 Bg7 4. e4 O-O 5. d4 d6 6. Be2 Nc6 7. d5 Nb8 8.
O-O c5 9. Bf4 Nbd7 10. h3 Ne8 11. Qd2 a6 12. a4 Rb8 13. Rfe1 b6 14. Red1 f6
15. h4 Ne5 16. Bg3 Nf7 17. Nh2 Bd7 18. f4 Qc8 19. Nf3 Bg4 20. Rf1 Nc7 21.
Rae1 Qd7 22. Bd3 Rbe8 23. Nh2 Bh5 24. Bf2 Kh8 25. Kh1 g5 26. hxg5 fxg5 27.
e5 dxe5 28. f5 Nd6 29. g4 Bf7 30. Qxg5 Bg8 31. b3 Rb8 32. Nf3 Nf7 33. Qd2
b5 34. axb5 axb5 35. Ne4 bxc4 36. bxc4 Na6 37. Ra1 Nb4 38. Bxc5 Nxd3 39.
Qxd3 Nd6 40. Ra7 Rb7 41. Rxb7 Nxb7 42. Bb4 Rc8 43. Nfd2 e6 44. fxe6 Bxe6
45. Nf6 Bxf6 46. Rxf6 Bxg4 47. Bc3 Qe7 48. Qg3 Re8 49. Re6 1-0

[Event "HB Global CC"]
[Site "Minneapolis USA"]
[Date "2005.05.19"]
[Round "2"]
[White "Rogers,B"]
[Black "Young,A"]
[Result "1/2-1/2"]
[WhiteElo "2100"]
[BlackElo "2413"]
[EventDate "2005.05.18"]

1. d4 c5 2. d5 e5 3. c4 d6 4. Nc3 Be7 5. e4 Bg5 6. Bd3 Bxc1 7. Qxc1 Ne7 8.
Nge2 O-O 9. Qd2 a6 10. O-O b6 11. a3 Ng6 12. f3 Qh4 13. g3 Qh3 14. Rf2 Ra7
15. Kh1 Rb7 16. b4 cxb4 17. axb4 Qd7 18. f4 f6 19. f5 Nh8 20. g4 Qd8 21. h4
h6 22. Ng1 g5 23. Nf3 Rg7 24. Rg1 Rff7 25. Rh2 Ra7 26. Be2 Bd7 27. Qe3 Be8
28. Ne1 Nd7 29. Nd3 Rc7 30. Nb2 Qc8 31. Rg3 Nf7 32. Rgh3 Qb7 33. hxg5 hxg5
34. Kg2 Rc8 35. Nba4 Qa7 36. Nb2 Qb8 37. Rh1 Qb7 38. Nba4 Rc7 39. Rb1 Qa7
40. Nb2 Nf8 41. Ra1 Qb7 42. Nba4 Nd7 43. Rb1 Qa7 44. Ra1 Qb8 45. Rb1 Rb7
46. Ra1 Rc7 47. Nb2 Qb7 48. Nba4 Qb8 49. Rb1 Rb7 50. Ra1 Ra7 51. c5 dxc5
52. bxc5 bxc5 53. Nxc5 1/2-1/2

[Event "HB Global CC"]
[Site "Minneapolis USA"]
[Date "2005.05.19"]
[Round "3"]
[White "Del Pilar,R"]
[Black "Fridman,D2"]
[Result "0-1"]
[WhiteElo "2306"]
[BlackElo "2562"]
[EventDate "2005.05.18"]

1. e4 e5 2. Nf3 d6 3. d4 exd4 4. Qxd4 a6 5. Bg5 Nc6 6. Qd2 Be7 7. Nc3 Bg4
8. Be2 Nf6 9. O-O-O O-O 10. Qf4 Bxf3 11. gxf3 Nh5 12. Bxe7 Nxf4 13. Bxd8
Raxd8 14. Rhg1 Ne5 15. Rg3 h5 16. h4 Rfe8 17. Rdg1 Neg6 18. Bc4 b5 19. Bd3
Ne6 20. Ne2 Kf8 21. f4 Ngxf4 22. Nxf4 Nxf4 23. Rxg7 Re5 24. Rh7 Ke7 25.
Rgg7 Rf8 26. Kd2 Re6 27. Rg5 Re5 28. f3 Rxg5 29. hxg5 Rg8 30. Ke3 Ng2+ 31.
Kd4 Rxg5 32. c4 c5+ 33. Kc3 b4+ 34. Kb3 Nf4 35. Bc2 Rg3 36. Bd1 Rg1 37. Bc2
Rf1 38. Ka4 Rxf3 39. Ka5 Rf2 40. Bb3 Rxb2 41. Kxa6 Re2 42. Kb5 Rxe4 43. Kc6
Re5 0-1

[Event "HB Global CC"]
[Site "Minneapolis USA"]
[Date "2005.05.19"]
[Round "3"]
[White "Van Wely,L"]
[Black "Li Wenliang"]
[Result "1-0"]
[WhiteElo "2687"]
[BlackElo "2422"]
[EventDate "2005.05.18"]

1. d4 Nf6 2. c4 e6 3. Nc3 Bb4 4. Qc2 c5 5. dxc5 O-O 6. a3 Bxc5 7. Nf3 Qb6
8. e3 Qc7 9. b4 Be7 10. Bb2 d6 11. Bd3 Nbd7 12. g4 g6 13. g5 Nh5 14. Nb5
Qb8 15. Nbd4 Nb6 16. a4 e5 17. Nb3 Bg4 18. Nfd2 Rc8 19. Rg1 Bd7 20. Na5 Rc7
21. Be2 Ng7 22. f4 Qe8 23. b5 Be6 24. Qd3 Rac8 25. Kf2 Nf5 26. e4 Nd4 27.
Bxd4 exd4 28. Rgc1 f5 29. Bf3 Qf7 30. exf5 Bxf5 31. Qxd4 d5 32. Kg2 dxc4
33. Ne4 Bxe4 34. Qxe4 Bb4 35. Nxb7 Re8 36. Qb1 Bf8 37. Re1 Rxe1 38. Qxe1
Rxb7 39. Bxb7 Qxb7+ 40. Kg3 Qf7 41. Qe4 Nd5 42. Qxc4 Bd6 43. Rf1 Qf5 44.
Kg2 Kf8 45. Qd4 Nxf4+ 46. Kh1 Be5 47. Qc5+ Kg8 48. Qc4+ Kg7 49. a5 Qxg5 50.
Qe4 Bc7 51. b6 axb6 52. a6 Qb5 53. Rc1 Nd5 54. Qd4+ Kh6 55. a7 1-0

[Event "HB Global CC"]
[Site "Minneapolis USA"]
[Date "2005.05.19"]
[Round "3"]
[White "Milman,L"]
[Black "Najer,E"]
[Result "0-1"]
[WhiteElo "2439"]
[BlackElo "2615"]
[EventDate "2005.05.18"]

1. e4 c5 2. Nf3 d6 3. d4 cxd4 4. Nxd4 Nf6 5. Nc3 a6 6. Be2 e6 7. O-O Be7 8.
f4 O-O 9. Be3 Nc6 10. Qe1 Nxd4 11. Bxd4 b5 12. a3 Bb7 13. Bf3 Qc7 14. Qg3
g6 15. Rae1 Rac8 16. Qf2 Nd7 17. f5 Bf6 18. Bxf6 Nxf6 19. e5 dxe5 20. Qh4
e4 21. Qxf6 exf3 22. fxe6 Qb6+ 23. Rf2 fxe6 24. Qxe6+ Qxe6 25. Rxe6 fxg2
26. Rxf8+ Kxf8 27. Re2 Kf7 28. Ne4 Rd8 29. Kxg2 Rd4 30. Kf3 Ke6 31. Kf4 g5+
32. Kxg5 Rxe4 33. Rf2 Re5+ 34. Kh6 Be4 35. h4 Bg6 36. Kg7 Rf5 37. Re2+ Kd6
38. Rd2+ Kc6 0-1

[Event "HB Global CC"]
[Site "Minneapolis USA"]
[Date "2005.05.19"]
[Round "3"]
[White "Kudrin,S"]
[Black "Ishhanov,T"]
[Result "1-0"]
[WhiteElo "2554"]
[BlackElo "2342"]
[EventDate "2005.05.18"]

1. e4 c5 2. Nf3 Nc6 3. d4 cxd4 4. Nxd4 Nf6 5. Nc3 e5 6. Ndb5 d6 7. Bg5 a6
8. Na3 b5 9. Bxf6 gxf6 10. Nd5 Bg7 11. c3 f5 12. exf5 Bxf5 13. Nc2 Be6 14.
a4 O-O 15. axb5 axb5 16. Rxa8 Qxa8 17. Nce3 Qb7 18. g4 b4 19. Bg2 bxc3 20.
bxc3 Qb5 21. Be4 Rb8 22. g5 Bxd5 23. Nxd5 Qc4 24. Qe2 Qxe2+ 25. Kxe2 Rb2+
26. Ke3 Na5 27. Ra1 Rb5 28. Ra4 Bf8 29. Rb4 Rc5 30. Rb8 Kg7 31. h4 Nc6 32.
Re8 Na7 33. Ra8 Nc8 34. Kd3 Ne7 35. Nf6 d5 36. Bh1 e4+ 37. Kd2 Nc8 38. Bg2
Bd6 39. Bh3 1-0

[Event "HB Global CC"]
[Site "Minneapolis USA"]
[Date "2005.05.19"]
[Round "3"]
[White "Antonio,R"]
[Black "Langer,M USA"]
[Result "1-0"]
[WhiteElo "2513"]
[BlackElo "2272"]
[EventDate "2005.05.18"]

1. e4 c5 2. c3 e6 3. d4 d5 4. exd5 exd5 5. Nf3 Bd6 6. Bb5+ Nc6 7. O-O Nge7
8. dxc5 Bxc5 9. Nbd2 O-O 10. Nb3 Bb6 11. Bd3 Qd6 12. Re1 Bf5 13. Be3 Bxd3
14. Qxd3 Bc7 15. Bc5 Qf6 16. Nbd4 Rfd8 17. Nxc6 Nxc6 18. Re2 b6 19. Bd4
Nxd4 20. Qxd4 Qxd4 21. Nxd4 Kf8 22. Rd1 Re8 23. Red2 Bf4 24. Rd3 g6 25. Kf1
Re4 26. g3 Bh6 27. Nb5 Ra4 28. a3 Rd8 29. b3 Ra5 30. a4 Bg7 31. Ra1 Rc8 32.
b4 Ra6 33. Ra3 d4 34. cxd4 Rc4 35. Rdb3 Bxd4 36. Ke2 Bg7 37. Kd3 Rc1 38.
Ra2 Ke7 39. Rba3 Kd7 40. Rc2 Rd1+ 41. Ke2 Rb1 42. Nc7 Rb2 43. Rd3+ Kc8 44.
Rxb2 Kxc7 45. Rc2+ 1-0

[Event "HB Global CC"]
[Site "Minneapolis USA"]
[Date "2005.05.19"]
[Round "3"]
[White "Kujovic,M"]
[Black "Rodriguez,And URU"]
[Result "0-1"]
[WhiteElo "2353"]
[BlackElo "2536"]
[EventDate "2005.05.18"]

1. e4 e6 2. d3 d5 3. Nd2 Nf6 4. g3 dxe4 5. dxe4 Bc5 6. Bg2 Nc6 7. Ngf3 e5
8. O-O O-O 9. Qe2 b6 10. b3 a5 11. Bb2 Qe7 12. a4 Ba6 13. c4 Rad8 14. Rad1
Bc8 15. h3 Nd7 16. Nb1 Nb4 17. Rd2 Bd6 18. Rfd1 f6 19. Qe3 Nc5 20. Na3 Ne6
21. Nb5 Bc5 22. Qe1 c6 23. Nc3 Bd4 24. Kh2 Nc5 25. Nxd4 exd4 26. Rxd4 Rxd4
27. Rxd4 Nc2 28. Qd1 Nxd4 29. Qxd4 Rd8 30. Qe3 Rd3 31. Qe2 Qd8 32. Qh5 Rd2
33. Ba3 Rxf2 34. Bxc5 bxc5 35. Nd1 g6 36. Qxc5 Rxg2+ 37. Kxg2 Qxd1 38. g4
Qe2+ 39. Kg3 Qe1+ 40. Kh2 Qxe4 41. Qb6 Qe2+ 42. Kg3 Qe1+ 43. Kg2 Qd2+ 44.
Kg1 Qd6 45. Kg2 f5 0-1

[Event "HB Global CC"]
[Site "Minneapolis USA"]
[Date "2005.05.19"]
[Round "3"]
[White "Adianto,U"]
[Black "Quan Zhe"]
[Result "1-0"]
[WhiteElo "2588"]
[BlackElo "2397"]
[EventDate "2005.05.18"]

1. d4 Nf6 2. c4 c5 3. e3 cxd4 4. exd4 d5 5. Nc3 e6 6. Nf3 Be7 7. cxd5 Nxd5
8. Bd3 Nc6 9. O-O O-O 10. Qe2 Bf6 11. Qe4 g6 12. Bh6 Bg7 13. Bxg7 Kxg7 14.
Rad1 Qd6 15. Rfe1 Bd7 16. Qh4 Nxc3 17. bxc3 Rad8 18. Ng5 h6 19. Ne4 Qe7 20.
Qg3 Be8 21. Bc2 b6 22. h4 f5 23. Nd2 Qf6 24. Nf3 Rf7 25. Qf4 Rfd7 26. Re3
Rd6 27. Rde1 Bf7 28. Ne5 Bg8 29. Rg3 Ne7 30. Bb3 Kh7 31. Ree3 b5 32. a3 Ra6
33. Nf3 Bf7 34. Re5 Rxa3 35. Rxb5 Be8 36. Rb7 Bc6 37. Ng5+ Kg8 38. Bxe6+
Kg7 39. Rxe7+ Qxe7 40. Nf7 Qxe6 41. Nxd8 Qd5 42. Qc7+ Bd7 43. Re3 Ra1+ 44.
Kh2 Kf6 45. Re5 1-0